Normal view
MARC view
Entry Personal Name
001 - CONTROL NUMBER
- control field: 6043
003 - CONTROL NUMBER IDENTIFIER
- control field: BD-RjUL
005 - DATE AND TIME OF LATEST TRANSACTION
- control field: 20221127165832.0
008 - FIXED-LENGTH DATA ELEMENTS
- fixed length control field: 221127|| aca||aabn | a|a d
040 ## - CATALOGING SOURCE
- Original cataloging agency: BD-RjUL
- Transcribing agency: BD-RjUL
100 ## - HEADING--PERSONAL NAME
- Personal name: Asaduzzaman, Md. Sopervisor
670 ## - SOURCE DATA FOUND
- Source citation: Work cat.: (BD-RjUL)80852: Hossain, Md. Mowazzem 6041, A Study of Some Non-Linear Stocihastic Models on Renewable Resources Management :, 2010